| 000 | 00847nam a2200217Ia 4500 | ||
|---|---|---|---|
| 999 |
_c38412 _d38412 |
||
| 001 | 4423 | ||
| 003 | GE_BSU | ||
| 005 | 20190517151342.0 | ||
| 008 | 181216s1966|||| |||||||||||||| ||geo|| | ||
| 040 | _cGE_BSU | ||
| 041 | _ageo | ||
| 080 | _a531.01(076) შ–24 | ||
| 100 |
_aშარანგია,ა. _91300 |
||
| 245 |
_aთეორიული მექანიკის პრაქტიკუმი : დიმანიკა / _cა. შარანგია ; რედ : პ.ლაბარტყავა. |
||
| 264 |
_aთბილისი : _bგანათლება, _c1966. |
||
| 300 |
_a180 გვ .: _c21 სმ. |
||
| 653 | _aთეორიული მექანიკა | ||
| 653 | _aფიზიკა | ||
| 700 |
_aლაბარტყავა, პ _eრედაქტორი _9523 |
||
| 942 |
_cBK _2udc |
||